Score 0/20 Timer 04:00
4 Plays Today
Scrambled Unscrambled % Correct
MILELime
99.2%
TIMNMint
95.1%
DAJEJade
93.3%
YILL DAPLily Pad
89.3%
And the color is...Green
89.3%
RSGASGrass
88.9%
SCATUCCactus
86.9%
FLOG SCOUREGolf Course
83%
CROBLOCIBroccoli
79.9%
NIPE DELEENPine Needle
76.5%
Scrambled Unscrambled % Correct
GRINTS NABEString Bean
76.1%
BRUMCECUCucumber
68.3%
LOVIEOlive
63.8%
YARNGN SHIMT PLEAPGranny Smith Apple
62.5%
DEEESAWSeaweed
54%
TERKIMKermit
52.2%
MASHCORKShamrock
41%
CORDOLICECrocodile
34.7%
READLEMEmerald
18.8%
CAGMEALOUGuacamole
7.3%

You're not logged in!

Compare scores with friends on all Sporcle quizzes.
OR
Log In

Sporcle TV

Today on Sporcle TV


Watch our educational content, quiz creation guides, and fun videos on Sporcle TV.

Show Comments

Extras

Top Quizzes Today


Score Distribution

Your Account Isn't Verified!

In order to create a playlist on Sporcle, you need to verify the email address you used during registration. Go to your Sporcle Settings to finish the process.

Report this User

Report this user for behavior that violates our Community Guidelines.

Details: